Applied economics for engineers and managers / (Record no. 123895)

MARC details
000 -LEADER
fixed length control field 00689nam a22002297a 4500
005 - DATE AND TIME OF LATEST TRANSACTION
control field 20170124105932.0
010 ## - LIBRARY OF CONGRESS CONTROL NUMBER
LC control number A-901635
020 ## - INTERNATIONAL STANDARD BOOK NUMBER
Terms of availability 00.00
035 ## - SYSTEM CONTROL NUMBER
System control number A-901635
037 ## - SOURCE OF ACQUISITION
Source of stock number/acquisition Cen Lib/Ret
040 ## - CATALOGING SOURCE
Original cataloging agency DPL
Language of cataloging EN
082 ## - DEWEY DECIMAL CLASSIFICATION NUMBER
Classification number 330.02462
Item number JAI
100 ## - MAIN ENTRY--PERSONAL NAME
Personal name Jain, S.K.
9 (RLIN) 8421
245 ## - TITLE STATEMENT
Title Applied economics for engineers and managers /
Statement of responsibility, etc by S.K. Jain
260 ## - PUBLICATION, DISTRIBUTION, ETC. (IMPRINT)
Place of publication, distribution, etc New Delhi
Name of publisher, distributor, etc Vikash Publication House Pvt. Ltd.
Date of publication, distribution, etc 1997
270 ## - ADDRESS
Address 576 Masjid Road, Jungpura
City New Delhi
Postal code 110014
300 ## - PHYSICAL DESCRIPTION
Extent xiii;468p. :
Other physical details ill.
Dimensions 22cm(Hb)
500 ## - GENERAL NOTE
General note Includes index.
650 ## - SUBJECT ADDED ENTRY--TOPICAL TERM
Topical term or geographic name as entry element Social Science
9 (RLIN) 8422
650 ## - SUBJECT ADDED ENTRY--TOPICAL TERM
Topical term or geographic name as entry element Economics
9 (RLIN) 8423
942 ## - ADDED ENTRY ELEMENTS (KOHA)
Source of classification or shelving scheme Dewey Decimal Classification
Koha item type English Books
Classification part 330.02462
Call number suffix JAI
Holdings
Withdrawn status Lost status Damaged status Not for loan Home library Current library Date acquired Source of acquisition Cost, normal purchase price Total Checkouts Full call number Barcode Date last seen Date checked out Copy number Cost, replacement price Price effective from Koha item type
        Central Library Central Library 12/06/2015 Cen Lib/Ret 0.00 1 330.02462 JAI A-901635 17/08/2017 11/08/2017 1 0.00 15/09/2016 English Books

© Delhi Public Library
Hit Counter
free hit counter